<?xml version="1.0" encoding="UTF-8"?>
<collection xmlns="http://www.loc.gov/MARC21/slim">
 <record>
  <leader>01657nam a2200193Ia 4500</leader>
  <controlfield tag="001">TDMU_22342</controlfield>
  <controlfield tag="008">210410s9999    xx            000 0 und d</controlfield>
  <datafield tag="082" ind1=" " ind2=" ">
   <subfield code="a">629.8045</subfield>
  </datafield>
  <datafield tag="090" ind1=" " ind2=" ">
   <subfield code="b">NG527</subfield>
  </datafield>
  <datafield tag="100" ind1=" " ind2=" ">
   <subfield code="a">Nguyễn, Hoàng Mỹ</subfield>
  </datafield>
  <datafield tag="245" ind1=" " ind2="0">
   <subfield code="a">Thiết kế thi công mô hình hệ thống điều khiển khí nén tự động dùng PLC</subfield>
  </datafield>
  <datafield tag="245" ind1=" " ind2="0">
   <subfield code="c">Nguyễn Hoàng Mỹ, Nguyễn Duy Tân; ThS. Võ Thành Nhân (Hướng dẫn)</subfield>
  </datafield>
  <datafield tag="260" ind1=" " ind2=" ">
   <subfield code="a">Bình Dương, 2014</subfield>
  </datafield>
  <datafield tag="300" ind1=" " ind2=" ">
   <subfield code="a">186tr</subfield>
  </datafield>
  <datafield tag="520" ind1=" " ind2=" ">
   <subfield code="a">Chuyên ngành: Điện công nghiệp; Danh mục tài liệu tham khảo sau phần kết luận; Khóa luận tốt nghiệp Đại học trường Đại học Thủ Dầu Một, 2012- 2014; Khóa luận nghiên cứu thiết kế thi công mô hình hệ thống điều khiển khí nén tự động dùng PLC. Gồm 6 chương. Chương 1 Tổng quan và tính cấp thiết của đề tài; Chương 2  Các kiến thức cơ bản về PLC S7-1200; Chương 3 tìm hiểu về hệ thống máy nén khí; Chương 4 Phần mềm Simatic tia Portal step 7 basic; Chương 5 Chương trình điều khiển giao tiếp PLC và WinCC thông qua KEP service EX; Chương 6 Kết luận</subfield>
  </datafield>
  <datafield tag="650" ind1=" " ind2=" ">
   <subfield code="a">Khóa luận; Hệ thống PLC</subfield>
   <subfield code="x">Ứng dụng; Điều khiển khí nén</subfield>
   <subfield code="x">Hệ thống PLC</subfield>
  </datafield>
  <datafield tag="700" ind1=" " ind2=" ">
   <subfield code="a">Võ Thành Nhân</subfield>
  </datafield>
  <datafield tag="856" ind1=" " ind2=" ">
   <subfield code="u">http://lrc.tdmu.edu.vn/opac/search/detail.asp?aID=2&amp;ID=22342</subfield>
  </datafield>
  <datafield tag="980" ind1=" " ind2=" ">
   <subfield code="a">Trung tâm Học liệu Trường Đại học Thủ Dầu Một</subfield>
  </datafield>
 </record>
</collection>
